Le livre de la pitié et de la mort

Сохранить в:
Библиографические подробности
Главные авторы: Loti, Pierre (autor), Viaud, Louis Marie Julien (Автор)
Формат:
Язык:французский
Опубликовано: París Calmann-Lévy 1900
Редактирование:1a. ed
Предметы:
Метки: Добавить метку
Нет меток, Требуется 1-ая метка записи!

MARC

LEADER 00000nam a2200000 a 4500
001 UCJ4003
003 CL-VaPUC
008 070124e19000000FR |||||||||||||||||fre|d
082 0 4 |a 843  |b LOT  |2 21 
100 |a Loti, Pierre  |e autor  |9 322062 
700 0 |a Viaud, Louis Marie Julien  |e author  |9 506775 
245 1 3 |a Le livre de la pitié et de la mort 
250 |a 1a. ed 
300 |a 320 p 
942 |c BK 
945 |d 20070124 00:00:00  |a rinostro 
260 |a París  |b Calmann-Lévy  |c 1900 
500 |a Pierre Loti es el pseudónimo de Louis Marie Julien Viaud 
650 7 |a NOVELA FRANCESA  |2 CL-VaPUC  |9 506776 
650 7 |a CUENTO FRANCES  |2 CL-VaPUC  |9 506777 
583 |a last modification  |c 20070124 00:00:00  |k Rodrigo Vera 
999 |c 320121  |d 320119 
952 |0 0  |1 0  |4 0  |6 843_000000000000000_LOT_1900  |7 0  |8 X  |9 398589  |a FDOBUD  |b FDOBUD  |d 2019-11-22  |i 1012045  |o 843 LOT 1900  |p 1012045  |r 2019-11-22  |w 2019-11-22  |y BK_X  |k BUD